000
00330nam a2200133Ia 4500
005
20251222141939.0
008
251222s9999||||xx |||||||||||||| ||spa||
020
_a
8495163322
082
_a
342.46/F96
245
0
_a
Derechos Históricos y Constitucionalismo Útil
250
_a
1ra. ed.
264
_b
Fundación BBV
942
_c
LIB
999
_c
9304
_d
9304